00753cam a2200181 i 450000100100000000500170001000800410002704000250006811000140009324000160010724501340012326000800025730000230033750000540036050400730041461000450048770000390053200001918220200929165938.0780213s1976 ve a f000 0 spa  aDO-SdBNPbspacBNPHU1 aVenezuela10aLeyes, etc.10aReal cedula de Intendencia de Ejercito y Real Hacienda, diciembre 8 de 1776 /cestudio preliminar, Gisela Morazzani Perez-Enciso. aCaracas :bPresidencia de la Republica,bBanco Central de Venezuela,c1976. a128 p. : ;c23 cm. a200 Bicentenario de la integración de Venezuela aIncluye referencias bibliográficas y notas al pie de las páginas10bIntendencia de Ejercito y Real Hacienda.2 aMorazzani de Perez Enciso, Gisela.